Statistiken für Pokemon Gen 1 (Ger)

Klicken Sie hier um das Quiz zu spielen!

Allgemein

  • Dieses Quiz wurde 206 mal gespielt
  • Das Durchschnittsergebnis liegt bei 114 aus 151

Antwortstatistiken

Nr.#Pokemon Name% Korrekt
1Bisasam
99%
3Bisaflor
98%
4Glumanda
98%
6Glurak
98%
5Glutexo
98%
2Bisaknosp
97%
25Pikachu
96%
9Turtok
96%
7Schiggy
95%
26Raichu
93%
10Raupy
93%
8Schillok
93%
18Tauboss
93%
151Mew
92%
17Tauboga
92%
16Taubsi
92%
144Arktos
90%
74Kleinstein
90%
95Onix
90%
75Georok
89%
76Geowaz
89%
13Hornliu
89%
146Lavados
89%
12Smettbo
89%
15Bibor
88%
133Evoli
87%
130Garados
87%
14Kokuna
87%
11Safcon
87%
134Aquana
86%
94Gengar
86%
21Habitak
86%
129Karpador
86%
145Zapdos
86%
63Abra
85%
22Ibitak
85%
64Kadabra
85%
29 | 32Nidoran
85%
135Blitza
84%
148Dragonir
84%
149Dragoran
84%
92Nebulak
84%
34Nidoking
84%
31Nidoqueen
84%
23Rettan
84%
41Zubat
84%
136Flamara
82%
150Mewtu
82%
30Nidorina
82%
33Nidorino
82%
65Simsala
82%
24Arbok
81%
42Golbat
81%
93Alpollo
80%
147Dratini
80%
66Machollo
80%
68Machomei
80%
20Rattikarl
80%
67Maschock
79%
19Rattfratz
79%
44Duflor
78%
45Giflor
78%
81Magnetilo
78%
52Mauzi
78%
77Ponita
78%
143Relaxo
78%
120Sterndu
78%
100Voltobal
78%
101Lektrobal
77%
39Pummeluff
77%
109Smogon
77%
50Digda
76%
118Goldini
76%
82Magneton
76%
59Arkani
75%
106Kicklee
75%
69Knofensa
75%
43Myrapla
75%
88Sleima
75%
110Smogmog
75%
37Vulpix
75%
51Digdri
74%
40Knuddeluff
74%
131Lapras
74%
27Sandan
74%
38Vulnona
74%
58Fukano
73%
125Elektek
71%
119Golking
71%
53Snobilikat
71%
78Gallopa
70%
107Nockchan
70%
36Pixi
70%
28Sandamer
70%
89Sleimok
70%
121Starmie
70%
54Enton
69%
126Magmar
69%
35Piepi
69%
124Rossana
68%
71Sarzenia
68%
142Aerodactyl
67%
55Entoron
67%
122Pantimos
67%
140Kabuto
66%
141Kabutops
66%
56Menki
66%
102Owei
66%
72Tentacha
66%
73Tentoxa
66%
70Ultrigaria
66%
85Dodri
65%
84Dodu
65%
105Knogga
65%
103Kokowei
65%
49Omot
65%
96Traumato
65%
86Jurob
64%
57Rasaff
64%
123Sichlor
64%
138Amonitas
63%
48Bluzuk
63%
113Chaneira
63%
97Hypno
63%
87Jugong
63%
46Paras
63%
104Tragosso
63%
139Amoroso
62%
91Austos
62%
115Kangama
62%
128Tauros
62%
98Krabby
60%
90Muschas
60%
62Quappo
60%
47Parasek
59%
137Porygon
59%
111Rihorn
59%
112Rizeros
59%
132Ditto
58%
79Flegmon
58%
99Kingler
58%
83Porenta
58%
60Quapsel
58%
61Quaputzi
58%
116Seeper
57%
127Pinsir
56%
80Lahmus
55%
117Seemon
53%
108Schlurp
52%
114Tangela
51%

Verteilung der Resultate

Perzentil nach korrekt beantworteten Fragen

Anzahl Personen mit jedem Resultat

Ihre Resultats-Entwicklung

Sie haben dieses Quiz noch nicht gespielt